[Event "Burgdorf op 19th"]
[Site "Burgdorf"]
[Date "2020.02.16"]
[Round "5"]
[White "Thybo, Jesper Sondergaard"]
[Black "Levrand, Roland"]
[Result "1-0"]
[WhiteElo "2592"]
[BlackElo "2117"]
[PlyCount "101"]
[EventDate "2020.02.14"]
[EventType "swiss"]
[EventRounds "5"]
[EventCountry "SUI"]
[SourceTitle "CBM 194 Extra"]
[Source "ChessBase"]
[SourceDate "2020.03.31"]
[SourceVersion "1"]
[SourceVersionDate "2020.03.31"]
[SourceQuality "1"]

1. d4 Nf6 2. c4 g6 3. Nc3 Bg7 4. e4 0-0 5. Nf3 d6 6. Be2 e5 7. 0-0 Nc6 8. d5 Ne7 9. Bg5 h6 10. Bxf6 Bxf6 11. b4 a5 12. a3 c6 13. Qb3 cxd5 14. cxd5 Bg7 15. bxa5 f5 16. Nd2 Qxa5 17. Nc4 Qd8 18. Qb4 Rf6 19. f3 Bf8 20. a4 Rb8 21. Qb6 Bd7 22. Rfb1 Qxb6+ 23. Nxb6 Be8 24. Bb5 Bxb5 25. Nxb5 Rd8 26. Nc7 fxe4 27. fxe4 Rf7 28. Ne6 Re8 29. Nd7 Nxd5 30. Nexf8 Nc3 31. Re1 Rexf8 32. Nxf8 Kxf8 33. Ra3 Rc7 34. Re3 Nb1 35. Rad3 Rc1+ 36. Kf2 Ke7 37. Rb3 Ke6 38. Ke2 h5 39. a5 h4 40. Rxb7 Rg1 41. Reb3 Rxg2+ 42. Kf3 Rxh2 43. Rxb1 Ra2 44. Ra7 g5 45. Rbb7 Kf6 46. Rh7 Kg6 47. Rag7+ Kf6 48. Kg4 Ra4 49. Kh5 Rxe4 50. Rg6+ Kf5 51. Rf7# 1-0

[Event "SUI-chT"]
[Site "Switzerland"]
[Date "2017.06.11"]
[Round "5.7"]
[White "Sadeghi, Hassan Roger"]
[Black "Levrand, Roland"]
[Result "0-1"]
[WhiteElo "2118"]
[BlackElo "2161"]
[PlyCount "64"]
[EventDate "2017.03.19"]
[EventType "team-swiss"]
[EventRounds "9"]
[EventCountry "SUI"]
[SourceTitle "EXT 2018"]
[Source "ChessBase"]
[SourceDate "2017.10.13"]
[SourceVersion "1"]
[SourceVersionDate "2017.10.13"]
[SourceQuality "1"]
[WhiteTeam "Neuchatel"]
[BlackTeam "Reti"]
[WhiteTeamCountry "SUI"]
[BlackTeamCountry "SUI"]

1. Nc3 d5 2. d4 Nf6 3. Bg5 Nbd7 4. Qd3 g6 5. e4 dxe4 6. Nxe4 Bg7 7. 0-0-0 0-0 8. Nf3 h6 9. Bf4 c6 10. Nxf6+ Nxf6 11. Qd2 Kh7 12. Ne5 Ne4 13. Qe1 Nd6 14. h4 Qb6 15. g4 f6 16. Nxg6 Kxg6 17. Qxe7 Kh7 18. Bd3+ Kh8 19. Bxd6 Bxg4 20. Qe4 f5 21. Qf4 Bxd1 22. Be5 c5 23. Bxg7+ Kxg7 24. Rxd1 cxd4 25. Rg1+ Kh8 26. h5 Rae8 27. b3 Re6 28. Qg3 Re7 29. Bxf5 Qf6 30. Bd3 Rg7 31. Qh2 Qf4+ 32. Qxf4 Rxg1+ 0-1

[Event "Wch Seniors 50 26th"]
[Site "Marianske Lazne"]
[Date "2016.11.28"]
[Round "9"]
[White "Levrand, Roland"]
[Black "Boulard, Eric"]
[Result "1/2-1/2"]
[WhiteElo "2097"]
[BlackElo "2245"]
[PlyCount "81"]
[EventDate "2016.11.19"]
[EventType "swiss"]
[EventRounds "11"]
[EventCountry "CZE"]
[SourceTitle "CBM 175 Extra"]
[Source "ChessBase"]
[SourceDate "2016.12.12"]
[SourceVersion "1"]
[SourceVersionDate "2016.12.12"]
[SourceQuality "1"]

1. e4 Nf6 2. e5 Nd5 3. g3 d6 4. exd6 exd6 5. Bg2 Nf6 6. Ne2 d5 7. 0-0 Be7 8. c4 dxc4 9. Qa4+ c6 10. Qxc4 Be6 11. Qc2 Qd7 12. Nf4 Bf5 13. Qd1 Na6 14. d4 Nb4 15. Na3 0-0 16. Re1 h6 17. Bd2 Rfe8 18. Qb3 a5 19. Nc4 a4 20. Qc3 Nc2 21. Nb6 Qd8 22. Rxe7 Rxe7 23. Nxa8 Nxa1 24. Qc5 Ne4 25. Bxe4 Bxe4 26. Ba5 Qe8 27. Nc7 Rxc7 28. Bxc7 Nc2 29. a3 Ne1 30. Kf1 Nf3 31. h3 g5 32. Nh5 Bd3+ 33. Kg2 Ne1+ 34. Kh2 Nf3+ 35. Kg2 Ne1+ 36. Kh2 Qe2 37. Nf6+ Kg7 38. Nh5+ Kg8 39. Nf6+ Kg7 40. Nh5+ Kh7 41. Nf6+ 1/2-1/2

[Event "Wch Seniors 50 26th"]
[Site "Marianske Lazne"]
[Date "2016.11.24"]
[Round "6"]
[White "Grant, Jonathan"]
[Black "Levrand, Roland"]
[Result "1/2-1/2"]
[WhiteElo "2218"]
[BlackElo "2097"]
[PlyCount "107"]
[EventDate "2016.11.19"]
[EventType "swiss"]
[EventRounds "11"]
[EventCountry "CZE"]
[SourceTitle "CBM 175 Extra"]
[Source "ChessBase"]
[SourceDate "2016.12.12"]
[SourceVersion "1"]
[SourceVersionDate "2016.12.12"]
[SourceQuality "1"]

1. c4 e5 2. g3 Nc6 3. Nc3 Bc5 4. Bg2 d6 5. Nf3 Be6 6. d3 Qd7 7. e3 Bh3 8. 0-0 Nf6 9. a3 a5 10. d4 Bxg2 11. Kxg2 Bb6 12. Nd5 Nxd5 13. cxd5 Ne7 14. dxe5 dxe5 15. e4 Ng6 16. Bd2 0-0 17. Bc3 Rae8 18. b4 a4 19. h3 f5 20. Ng5 fxe4 21. Qh5 h6 22. Qxg6 hxg5 23. Qxe4 Rf5 24. Rad1 Qf7 25. f3 g6 26. Rd3 Kh7 27. Re1 c6 28. dxc6 bxc6 29. Qxc6 Rf6 30. Qd5 Qxd5 31. Rxd5 Rc6 32. Rd7+ Kg8 33. Bd2 Rc2 34. Rc1 Ra2 35. Kf1 Rxa3 36. Rc6 Bd4 37. Rxg6+ Kh8 38. Rh6+ Kg8 39. Rg6+ Kh8 40. Bxg5 Rxf3+ 41. Ke2 Rf2+ 42. Ke1 Ref8 43. Bf4 Rb2 44. Rh6+ Kg8 45. Rg6+ Kh8 46. h4 Bf2+ 47. Kf1 exf4 48. Rh6+ Kg8 49. Rg6+ Kh8 50. Rh6+ Kg8 51. Rg6+ Kh8 52. Rh6+ Kg8 53. Rg6+ Kh8 54. Rh6+ 1/2-1/2

[Event "Wch Seniors 50 26th"]
[Site "Marianske Lazne"]
[Date "2016.11.23"]
[Round "5"]
[White "Levrand, Roland"]
[Black "Arias Castanedo, Jacinto"]
[Result "1-0"]
[WhiteElo "2097"]
[BlackElo "1857"]
[PlyCount "33"]
[EventDate "2016.11.19"]
[EventType "swiss"]
[EventRounds "11"]
[EventCountry "CZE"]
[SourceTitle "CBM 175 Extra"]
[Source "ChessBase"]
[SourceDate "2016.12.12"]
[SourceVersion "1"]
[SourceVersionDate "2016.12.12"]
[SourceQuality "1"]

1. e4 c6 2. d4 d5 3. Nc3 dxe4 4. Nxe4 Bf5 5. Ng3 Bg6 6. N1e2 e6 7. Nf4 Bd6 8. c3 Nf6 9. h4 Bxf4 10. Bxf4 h6 11. h5 Bh7 12. Bd3 Bxd3 13. Qxd3 Nbd7 14. 0-0-0 0-0 15. Qf3 Qa5 16. Kb1 Qf5+ 17. Nxf5 1-0

[Event "Wch Seniors 50 26th"]
[Site "Marianske Lazne"]
[Date "2016.11.20"]
[Round "2"]
[White "Reprintsev, Alexander"]
[Black "Levrand, Roland"]
[Result "1-0"]
[WhiteElo "2321"]
[BlackElo "2097"]
[PlyCount "79"]
[EventDate "2016.11.19"]
[EventType "swiss"]
[EventRounds "11"]
[EventCountry "CZE"]
[SourceTitle "CBM 175 Extra"]
[Source "ChessBase"]
[SourceDate "2016.12.12"]
[SourceVersion "1"]
[SourceVersionDate "2016.12.12"]
[SourceQuality "1"]

1. d4 Nf6 2. Nc3 d5 3. Bf4 e6 4. f3 Bb4 5. Qd2 c5 6. a3 Qa5 7. dxc5 Nc6 8. Rb1 Bxc3 9. Qxc3 Qxc3+ 10. bxc3 e5 11. Bg3 0-0 12. e3 a6 13. Nh3 Re8 14. Nf2 Re7 15. Be2 Be6 16. Nd3 Bf5 17. 0-0 Rae8 18. Bh4 Na5 19. Nb4 Rd7 20. Rfd1 Rc8 21. Bxf6 gxf6 22. Rxd5 Bxc2 23. Rxd7 Bxb1 24. e4 Rxc5 25. Rd1 Rxc3 26. Rxb1 Rxa3 27. Nd5 b5 28. Rc1 Nb3 29. Rc8+ Kg7 30. Ne7 Nd4 31. Kf2 b4 32. Rg8+ Kh6 33. g4 Ra2 34. Nf5+ Nxf5 35. exf5 b3 36. h4 a5 37. f4 Rxe2+ 38. Kxe2 exf4 39. Rb8 a4 40. Rb4 1-0

[Event "SUI-chT"]
[Site "Switzerland"]
[Date "2016.05.22"]
[Round "3.6"]
[White "Knoedler, Dieter"]
[Black "Levrand, Roland"]
[Result "1-0"]
[WhiteElo "2326"]
[BlackElo "2175"]
[PlyCount "101"]
[EventDate "2016.03.20"]
[EventType "team-tourn"]
[EventRounds "9"]
[EventCountry "SUI"]
[SourceTitle "EXT 2017"]
[Source "ChessBase"]
[SourceDate "2016.10.25"]
[SourceVersion "1"]
[SourceVersionDate "2016.10.25"]
[SourceQuality "1"]
[WhiteTeam "Bodan"]
[BlackTeam "Reti"]
[WhiteTeamCountry "SUI"]
[BlackTeamCountry "SUI"]

1. c4 e5 2. g3 Nc6 3. Nc3 Bc5 4. Bg2 d6 5. d3 Nf6 6. Nf3 0-0 7. 0-0 h6 8. a3 a5 9. e3 Bf5 10. b3 Qe7 11. Bb2 Rad8 12. d4 Bb6 13. Nd5 Nxd5 14. cxd5 Nb8 15. dxe5 Be4 16. Nd2 Bxg2 17. Kxg2 dxe5 18. Nc4 Nd7 19. Qc2 Qc5 20. Rad1 Rfe8 21. a4 Qe7 22. e4 f6 23. d6 Qf7 24. Ba3 c6 25. Rd3 Bc5 26. Rfd1 b5 27. Nxa5 Bxa3 28. Nxc6 bxa4 29. bxa4 Bc5 30. Rd5 Bd4 31. Nxd8 Rxd8 32. Qc7 Bb6 33. Qc6 Qe8 34. Rc1 Kh7 35. a5 Bd4 36. Rb5 Qe6 37. Qc7 Qg4 38. Re1 Rg8 39. a6 Qe6 40. Re2 f5 41. exf5 Qxf5 42. a7 Ra8 43. Rb7 e4 44. Qxd7 Qf3+ 45. Kg1 e3 46. Rxe3 Qd1+ 47. Kg2 Rf8 48. Qe7 Rxf2+ 49. Kxf2 Qc2+ 50. Kf3 Qd1+ 51. Kg2 1-0

[Event "Wch Seniors 50 25th"]
[Site "Acqui Terme"]
[Date "2015.11.15"]
[Round "6"]
[White "Julia, Ernesto"]
[Black "Levrand, Roland"]
[Result "1-0"]
[WhiteElo "2356"]
[BlackElo "2141"]
[PlyCount "137"]
[EventDate "2015.11.10"]
[EventType "swiss"]
[EventRounds "11"]
[EventCountry "ITA"]
[SourceTitle "CBM 169 Extra"]
[Source "ChessBase"]
[SourceDate "2015.12.18"]
[SourceVersion "1"]
[SourceVersionDate "2015.12.18"]
[SourceQuality "1"]

1. Nf3 Nf6 2. c4 g6 3. b4 Bg7 4. Bb2 0-0 5. e3 c6 6. Nc3 a5 7. b5 d6 8. d4 Nbd7 9. Ba3 Re8 10. Be2 Nf8 11. Rc1 cxb5 12. Nxb5 b6 13. 0-0 Bb7 14. Nd2 Ne6 15. Bf3 Bxf3 16. Nxf3 Nc7 17. Rb1 Na6 18. Qb3 Nd7 19. Rfc1 Qb8 20. h3 Rd8 21. Ng5 Rf8 22. Nc3 Nc7 23. Na4 h6 24. Ne4 Ra6 25. Nec3 Qa8 26. Qd1 Qc6 27. Qe2 Rb8 28. Rb3 Bf8 29. Nb5 Rc8 30. Rbb1 Raa8 31. Qf3 Qxf3 32. gxf3 Na6 33. Kf1 Rab8 34. Ke2 Rb7 35. Kd3 Rcb8 36. f4 Nc7 37. Rc3 Nxb5 38. Rxb5 e6 39. Rcb3 Be7 40. e4 Kf8 41. e5 dxe5 42. Bxe7+ Kxe7 43. fxe5 Rd8 44. f4 Rc7 45. Nxb6 Nc5+ 46. Rxc5 Rxc5 47. Nd5+ Rcxd5 48. cxd5 Rxd5 49. h4 Rd7 50. a4 Ra7 51. Rb5 Kd7 52. Ke4 Kc6 53. d5+ exd5+ 54. Rxd5 Rb7 55. Rxa5 Rb4+ 56. Kf3 h5 57. Ra7 Kd5 58. Rd7+ Ke6 59. Rd6+ Ke7 60. a5 Ra4 61. a6 Ra3+ 62. Ke4 Ra4+ 63. Ke3 Ke8 64. Rb6 Kf8 65. Kd3 Kg7 66. Rf6 Ra1 67. Kc4 Rb1 68. Kc5 Ra1 69. Kb6 1-0

[Event "Wch Seniors 50 25th"]
[Site "Acqui Terme"]
[Date "2015.11.13"]
[Round "4"]
[White "Levrand, Roland"]
[Black "Efimov, Igor"]
[Result "1/2-1/2"]
[WhiteElo "2141"]
[BlackElo "2408"]
[PlyCount "83"]
[EventDate "2015.11.10"]
[EventType "swiss"]
[EventRounds "11"]
[EventCountry "ITA"]
[SourceTitle "CBM 169 Extra"]
[Source "ChessBase"]
[SourceDate "2015.12.18"]
[SourceVersion "1"]
[SourceVersionDate "2015.12.18"]
[SourceQuality "1"]

1. e4 c5 2. Nf3 Nc6 3. d4 cxd4 4. Nxd4 Nf6 5. Nc3 d6 6. Bg5 Bd7 7. Qd2 Rc8 8. 0-0-0 Nxd4 9. Qxd4 Qa5 10. Be3 a6 11. f3 g6 12. Bc4 Bg7 13. Nd5 Be6 14. Kb1 b5 15. Bb3 Bxd5 16. exd5 0-0 17. Qb6 Qxb6 18. Bxb6 Nd7 19. Bd4 Bxd4 20. Rxd4 Nc5 21. Re1 Rc7 22. c3 Rfc8 23. Bd1 b4 24. c4 a5 25. b3 Kf8 26. Kb2 Ra8 27. a4 bxa3+ 28. Kxa3 Rb8 29. Bc2 Rb4 30. Re3 Rcb7 31. Rh4 h5 32. Rf4 Kg7 33. g4 hxg4 34. fxg4 R4b6 35. g5 Rc7 36. Rh4 Rb8 37. Reh3 Rg8 38. Rh7+ Kf8 39. Rf3 Rg7 40. Rh8+ Rg8 41. Rh7 Rg7 42. Rh8+ 1/2-1/2

[Event "SUI-chT"]
[Site "Switzerland"]
[Date "2015.10.10"]
[Round "8.7"]
[White "Levrand, Roland"]
[Black "Salzgeber, Frank"]
[Result "1-0"]
[WhiteElo "2213"]
[BlackElo "2189"]
[PlyCount "77"]
[EventDate "2015.03.29"]
[EventType "team-tourn"]
[EventRounds "9"]
[EventCountry "SUI"]
[SourceTitle "EXT 2017"]
[Source "ChessBase"]
[SourceDate "2016.10.25"]
[SourceVersion "1"]
[SourceVersionDate "2016.10.25"]
[SourceQuality "1"]
[WhiteTeam "Reti"]
[BlackTeam "Bern Schwarz Weiss"]
[WhiteTeamCountry "SUI"]
[BlackTeamCountry "SUI"]

1. e4 c5 2. Nf3 e6 3. d4 cxd4 4. Nxd4 a6 5. Bd3 Bc5 6. Nb3 Be7 7. 0-0 d6 8. f4 Nd7 9. Qe2 Qc7 10. a4 b6 11. Nc3 Bb7 12. Bd2 Ngf6 13. Rae1 h5 14. h3 h4 15. Rf2 Nh5 16. Nd4 Ng3 17. Qe3 Bf6 18. Nf3 Qc5 19. e5 dxe5 20. Nxe5 Qxe3 21. Bxe3 Nxe5 22. fxe5 Bxe5 23. Bxb6 Bf6 24. Rf4 Rc8 25. Rb4 Be7 26. Rg4 g5 27. Bf2 Nh5 28. Rc4 Rxc4 29. Bxc4 Nf4 30. Bf1 g4 31. Be3 Ng6 32. hxg4 h3 33. gxh3 Ne5 34. Rd1 Nf3+ 35. Kf2 Bh4+ 36. Ke2 Ng5 37. Rd4 Bf3+ 38. Kd2 Bg3 39. Bxg5 1-0

[Event "SUI-chT"]
[Site "Switzerland"]
[Date "2015.09.05"]
[Round "6.7"]
[White "Levrand, Roland"]
[Black "Rohrer, Christophe"]
[Result "0-1"]
[WhiteElo "2213"]
[BlackElo "2102"]
[PlyCount "64"]
[EventDate "2015.03.29"]
[EventType "team-tourn"]
[EventRounds "9"]
[EventCountry "SUI"]
[SourceTitle "EXT 2016"]
[Source "ChessBase"]
[SourceDate "2015.10.08"]
[SourceVersion "1"]
[SourceVersionDate "2015.10.08"]
[SourceQuality "1"]
[WhiteTeam "Reti"]
[BlackTeam "Neuchatel"]
[WhiteTeamCountry "SUI"]
[BlackTeamCountry "SUI"]

1. e4 c5 2. Nf3 e6 3. d4 cxd4 4. Nxd4 a6 5. Bd3 Nf6 6. 0-0 Qc7 7. Qe2 d6 8. f4 Nbd7 9. Kh1 h5 10. Nd2 b6 11. N2f3 Bb7 12. Bd2 Be7 13. Ng5 Nc5 14. e5 Ng4 15. Ndxe6 Nxe6 16. Nxe6 fxe6 17. Bg6+ Kd7 18. exd6 Bxd6 19. Rae1 Bd5 20. Bf7 Qc4 21. f5 Qxe2 22. Rxe2 Ne5 23. fxe6+ Bxe6 24. Bxe6+ Kxe6 25. Rfe1 Rhf8 26. a4 Rf5 27. h3 h4 28. Re4 Rh8 29. Kg1 Bc5+ 30. Kh2 Bf2 31. Rd1 Bg3+ 32. Kg1 Rd8 0-1

[Event "Politiken Cup 37th"]
[Site "Helsingor"]
[Date "2015.07.29"]
[Round "6"]
[White "Levrand, Roland"]
[Black "Kristiansen, Jens"]
[Result "0-1"]
[WhiteElo "2146"]
[BlackElo "2423"]
[PlyCount "58"]
[EventDate "2015.07.25"]
[EventType "swiss"]
[EventRounds "10"]
[EventCountry "DEN"]
[SourceTitle "CBM 167 Extra"]
[Source "ChessBase"]
[SourceDate "2015.09.14"]
[SourceVersion "1"]
[SourceVersionDate "2015.09.14"]
[SourceQuality "1"]

1. e4 g6 2. d4 Bg7 3. Nc3 d6 4. Nge2 a6 5. a4 Nc6 6. g3 Bg4 7. Qd3 Nb4 8. Qd2 Bf3 9. Rg1 c5 10. Bg2 Bxg2 11. Rxg2 cxd4 12. Nd5 Nc6 13. a5 Nf6 14. Nb6 Nxe4 15. Qf4 d5 16. Nxa8 Qxa8 17. Qc7 0-0 18. f3 Nd6 19. Nf4 Rc8 20. Qb6 Nc4 21. Qb3 e6 22. Bd2 d3 23. c3 N6e5 24. Rf2 Qa7 25. Nh3 Nxd2 26. Kxd2 Nc4+ 27. Kxd3 Qe3+ 28. Kc2 Nxb2 29. Kb1 Nd3 0-1

[Event "Politiken Cup 37th"]
[Site "Helsingor"]
[Date "2015.07.26"]
[Round "2"]
[White "Levrand, Roland"]
[Black "Hammer, Jon Ludvig"]
[Result "0-1"]
[WhiteElo "2146"]
[BlackElo "2677"]
[PlyCount "44"]
[EventDate "2015.07.25"]
[EventType "swiss"]
[EventRounds "10"]
[EventCountry "DEN"]
[SourceTitle "CBM 167 Extra"]
[Source "ChessBase"]
[SourceDate "2015.09.14"]
[SourceVersion "1"]
[SourceVersionDate "2015.09.14"]
[SourceQuality "1"]

1. e4 c6 2. d4 d5 3. Nc3 dxe4 4. Nxe4 Bf5 5. Ng3 Bg6 6. N1e2 Nf6 7. Nf4 e5 8. dxe5 Qa5+ 9. c3 Qxe5+ 10. Be2 Nbd7 11. 0-0 0-0-0 12. Qa4 Qb8 13. b4 Bd6 14. Nxg6 hxg6 15. Rd1 Nd5 16. Qb3 Bxg3 17. fxg3 Qe5 18. Bf3 N7f6 19. Bd2 Ne3 20. Qxf7 Nxd1 21. Qxg7 Rhe8 22. Rxd1 Rxd2 0-1

[Event "SUI-chT"]
[Site "Switzerland"]
[Date "2015.03.29"]
[Round "1.8"]
[White "Levrand, Roland"]
[Black "Pahud, Cedric"]
[Result "1/2-1/2"]
[WhiteElo "2213"]
[BlackElo "2154"]
[PlyCount "62"]
[EventDate "2015.03.29"]
[EventType "team-tourn"]
[EventRounds "9"]
[EventCountry "SUI"]
[SourceTitle "EXT 2016"]
[Source "ChessBase"]
[SourceDate "2015.10.08"]
[SourceVersion "1"]
[SourceVersionDate "2015.10.08"]
[SourceQuality "1"]
[WhiteTeam "Reti"]
[BlackTeam "Echallens"]
[WhiteTeamCountry "SUI"]
[BlackTeamCountry "SUI"]

1. e4 c5 2. Nf3 g6 3. d4 cxd4 4. Nxd4 Nc6 5. c4 Nf6 6. Nc3 d6 7. Be2 Nxd4 8. Qxd4 Bg7 9. Be3 0-0 10. Qd2 Be6 11. 0-0 Qa5 12. f3 Rfc8 13. b3 a6 14. Rab1 b5 15. b4 Qc7 16. Nd5 Nxd5 17. exd5 Bf5 18. Rbc1 bxc4 19. Rxc4 Qb7 20. Rfc1 Rxc4 21. Rxc4 Rc8 22. Qc1 Rxc4 23. Qxc4 Bd7 24. Qxa6 Qxb4 25. Qa8+ Bf8 26. Bh6 Qd4+ 27. Kf1 Qa1+ 28. Kf2 Qd4+ 29. Kg3 Qe5+ 30. Kf2 Qd4+ 31. Kg3 Qe5+ 1/2-1/2

[Event "SUI-ch 113th"]
[Site "Graechen"]
[Date "2013.07.18"]
[Round "8"]
[White "Levrand, Roland"]
[Black "Klauser, Markus"]
[Result "0-1"]
[WhiteElo "2162"]
[BlackElo "2360"]
[PlyCount "74"]
[EventDate "2013.07.11"]
[EventType "swiss"]
[EventRounds "9"]
[EventCountry "SUI"]
[SourceTitle "CBM 155 Extra"]
[Source "ChessBase"]
[SourceDate "2013.08.26"]
[SourceVersion "1"]
[SourceVersionDate "2013.08.26"]
[SourceQuality "1"]

1. e4 e5 2. Nf3 Nc6 3. Bb5 a6 4. Ba4 d6 5. d4 b5 6. Bb3 Nxd4 7. Nxd4 exd4 8. Bd5 Rb8 9. Qxd4 Nf6 10. Bc6+ Bd7 11. Qc3 Be7 12. Be3 0-0 13. Ba7 b4 14. Qc4 Rb5 15. Nd2 Be6 16. Qe2 Bd7 17. Qc4 Bxc6 18. Qxc6 Qa8 19. Qxa8 Rxa8 20. Bd4 d5 21. exd5 Rxd5 22. Nf3 c5 23. Be3 Ng4 24. Bc1 c4 25. 0-0 Bc5 26. Bf4 Re8 27. Bg3 f5 28. h3 f4 29. Bxf4 Nxf2 30. Kh2 Re2 31. Rae1 Rxc2 32. Ng5 Rf5 33. Re8+ Rf8 34. Rxf8+ Bxf8 35. Ne6 Be7 36. Kg1 Re2 37. Bg3 Nxh3+ 0-1

[Event "SUI-ch 113th"]
[Site "Graechen"]
[Date "2013.07.12"]
[Round "2"]
[White "Kosteniuk, Alexandra"]
[Black "Levrand, Roland"]
[Result "1-0"]
[WhiteElo "2489"]
[BlackElo "2162"]
[PlyCount "56"]
[EventDate "2013.07.11"]
[EventType "swiss"]
[EventRounds "9"]
[EventCountry "SUI"]
[SourceTitle "CBM 155 Extra"]
[Source "ChessBase"]
[SourceDate "2013.08.26"]
[SourceVersion "1"]
[SourceVersionDate "2013.08.26"]
[SourceQuality "1"]

1. e4 c5 2. Nf3 d6 3. d4 cxd4 4. Nxd4 Nf6 5. Nc3 Nc6 6. Bg5 e6 7. Qd2 a6 8. 0-0-0 Bd7 9. f3 Be7 10. Be3 b5 11. g4 Qa5 12. Nb3 Qc7 13. g5 Nh5 14. f4 h6 15. g6 fxg6 16. Rg1 g5 17. fxg5 Ne5 18. gxh6 gxh6 19. a3 Nf6 20. Rg7 Nfg4 21. Bf4 Bf6 22. Rxg4 Nxg4 23. Bxd6 Qa7 24. Kb1 Qe3 25. Qg2 Ne5 26. Be2 0-0-0 27. Qf1 Qg5 28. Qf2 Be7 1-0

[Event "SUI-ch20 email"]
[Site "SUI email"]
[Date "2006.??.??"]
[Round "?"]
[White "Burri, Peter"]
[Black "Levrand, Roland"]
[Result "1-0"]
[WhiteElo "2113"]
[BlackElo "2330"]
[PlyCount "57"]
[EventDate "2006.??.??"]
[EventType "tourn (corr)"]
[EventRounds "14"]
[EventCountry "SUI"]
[SourceTitle "Corr 2008"]
[Source "ChessBase"]
[SourceDate "2008.06.24"]
[SourceVersion "1"]
[SourceVersionDate "2008.06.24"]
[SourceQuality "1"]

1. e4 c5 2. Nf3 d6 3. d4 cxd4 4. Nxd4 Nf6 5. Nc3 a6 6. Be3 e5 7. Nb3 Be6 8. f3 h5 9. Qd2 Nbd7 10. 0-0-0 Be7 11. Kb1 Rc8 12. Nd5 Nxd5 13. exd5 Bf5 14. Bd3 Bxd3 15. Qxd3 Bg5 16. Bf2 Nf6 17. Rhe1 0-0 18. Qf5 Nd7 19. h4 Bh6 20. g4 hxg4 21. fxg4 Bf4 22. g5 Rc4 23. Rg1 Nb6 24. Rde1 Na4 25. h5 b5 26. Re2 Qc8 27. Qd3 Rc3 28. Qd1 Rh3 29. h6 1-0

[Event "SUI-ch20 email"]
[Site "SUI email"]
[Date "2006.??.??"]
[Round "?"]
[White "Levrand, Roland"]
[Black "Schneider, Hans"]
[Result "0-1"]
[WhiteElo "2330"]
[BlackElo "2249"]
[PlyCount "83"]
[EventDate "2006.??.??"]
[EventType "tourn (corr)"]
[EventRounds "14"]
[EventCountry "SUI"]
[SourceTitle "Corr 2008"]
[Source "ChessBase"]
[SourceDate "2008.06.24"]
[SourceVersion "1"]
[SourceVersionDate "2008.06.24"]
[SourceQuality "1"]

1. e4 e5 2. Nf3 Nc6 3. Bb5 a6 4. Ba4 Nf6 5. 0-0 Be7 6. Re1 b5 7. Bb3 0-0 8. h3 d5 9. exd5 Nxd5 10. Nxe5 Nd4 11. Nc3 Nb4 12. a3 Nxb3 13. axb4 Nxa1 14. Nc6 Qd6 15. Nxe7+ Kh8 16. Nxc8 Rfxc8 17. d3 a5 18. bxa5 b4 19. Bd2 Rxa5 20. Ne4 Qf8 21. d4 Rca8 22. Nc5 Ra2 23. Nd3 b3 24. cxb3 Re8 25. Be3 f6 26. Nc5 Qg8 27. d5 Re5 28. Ne6 c6 29. Qb1 Ra8 30. Nc7 Rc8 31. d6 Nxb3 32. f4 Ra5 33. Qd3 Ra1 34. Rxa1 Nxa1 35. Bb6 Qf7 36. Na6 Qb3 37. Qxb3 Nxb3 38. d7 Rf8 39. Nb4 Nd4 40. d8R Rxd8 41. Bxd8 c5 42. Nd5 0-1

[Event "SUI-ch20 email"]
[Site "SUI email"]
[Date "2006.??.??"]
[Round "?"]
[White "Moser, Reto"]
[Black "Levrand, Roland"]
[Result "1/2-1/2"]
[WhiteElo "2216"]
[BlackElo "2330"]
[PlyCount "39"]
[EventDate "2006.??.??"]
[EventType "tourn (corr)"]
[EventRounds "14"]
[EventCountry "SUI"]
[SourceTitle "Corr 2008"]
[Source "ChessBase"]
[SourceDate "2008.06.24"]
[SourceVersion "1"]
[SourceVersionDate "2008.06.24"]
[SourceQuality "1"]

1. e4 c5 2. Nf3 d6 3. d4 cxd4 4. Nxd4 Nf6 5. Nc3 a6 6. g3 e5 7. Nb3 Be7 8. Bg2 0-0 9. 0-0 b5 10. a4 Bb7 11. axb5 axb5 12. Rxa8 Bxa8 13. Bd2 Nbd7 14. Qe2 b4 15. Nd5 Nxd5 16. exd5 Nb6 17. Qb5 Qc7 18. Bxb4 Nxd5 19. Ba5 Qb8 20. Qxb8 1/2-1/2